[Event "Calvia Amateur op 20th"]
[Site "Calvia"]
[Date "2023.10.08"]
[Round "2"]
[White "Navarrete Terrasa, Antonio"]
[Black "Sahelices Casado, Roberto"]
[Result "0-1"]
[WhiteElo "1862"]
[BlackElo "2084"]
[PlyCount "108"]
[EventDate "2023.10.07"]
[EventType "swiss"]
[EventRounds "9"]
[EventCountry "ESP"]
[SourceTitle "Mega2024 Update 01"]
[Source "Chessbase"]
[SourceDate "2023.11.12"]
[SourceVersion "1"]
[SourceVersionDate "2023.11.12"]
[SourceQuality "1"]

1. e4 c6 2. d4 d5 3. Nd2 dxe4 4. Nxe4 Bf5 5. Ng3 Bg6 6. Nf3 Nd7 7. h4 h6 8. h5 Bh7 9. Bd3 Bxd3 10. Qxd3 e6 11. Bd2 Ngf6 12. 0-0-0 Be7 13. Kb1 0-0 14. Qe2 Qc7 15. Nf5 exf5 16. Qxe7 Rfe8 17. Qa3 Ne4 18. Be1 a5 19. Nh4 f4 20. Qf3 Ng5 21. Qd3 Nf6 22. Nf3 Nge4 23. Nd2 Rad8 24. Nxe4 Rxe4 25. c3 Rde8 26. Bd2 b5 27. Qf3 Qd7 28. Ka1 Qf5 29. g3 Nd5 30. g4 Qe6 31. Kb1 a4 32. Rhe1 f5 33. gxf5 Qxf5 34. Rxe4 Rxe4 35. Kc1 Qe6 36. Rg1 Nf6 37. Rg6 Qf5 38. a3 Qd5 39. Qg2 Nxh5 40. Qg4 Kh7 41. Qg2 f3 42. Qg1 Qf5 43. Rxc6 Re2 44. Rc5 Qd3 45. Qd1 Nf6 46. Be3 Qg6 47. Rxb5 Ne4 48. Re5 Qb6 49. Qd3 Qxb2+ 50. Kd1 Qa1+ 51. Bc1 Qa2 52. Rb5 Qc4 53. Qb1 Qxb5 54. Qxb5 Nxf2# 0-1

[Event "Calvia Amateur op 12th"]
[Site "Calvia"]
[Date "2015.10.14"]
[Round "5"]
[White "Sahelices Casado, Roberto"]
[Black "Tscharotschkin, Michael"]
[Result "1-0"]
[WhiteElo "2039"]
[BlackElo "2181"]
[PlyCount "75"]
[EventDate "2015.10.10"]
[EventType "swiss"]
[EventRounds "9"]
[EventCountry "ESP"]
[SourceTitle "EXT 2017"]
[Source "ChessBase"]
[SourceDate "2016.10.25"]
[SourceVersion "1"]
[SourceVersionDate "2016.10.25"]
[SourceQuality "1"]

1. d4 d5 2. c4 e6 3. g3 c6 4. Nf3 Bd6 5. Bg2 f5 6. 0-0 Nf6 7. b3 Qe7 8. Bb2 0-0 9. Qc1 a5 10. Ba3 Bb4 11. Bxb4 axb4 12. Nbd2 Nbd7 13. Qb2 b6 14. Ne5 Nxe5 15. dxe5 Nd7 16. Rfc1 Bb7 17. Nf3 c5 18. Ne1 f4 19. Nd3 fxg3 20. hxg3 Rae8 21. a3 bxa3 22. Rxa3 dxc4 23. bxc4 Bxg2 24. Kxg2 Ra8 25. Rca1 Rxa3 26. Rxa3 Rb8 27. Ra7 b5 28. cxb5 c4 29. Qd4 cxd3 30. Rxd7 dxe2 31. Rxe7 e1Q 32. Rxe6 h5 33. Re7 Qe2 34. b6 Rf8 35. e6 Rf6 36. b7 Qb5 37. Rd7 Qc6+ 38. Qd5 1-0

[Event "Ortigueira op 7th"]
[Site "Ortigueira"]
[Date "2008.08.12"]
[Round "3"]
[White "Lopez Grana, Carmen"]
[Black "Sahelices Casado, Roberto"]
[Result "0-1"]
[WhiteElo "1764"]
[BlackElo "2095"]
[PlyCount "62"]
[EventDate "2008.08.10"]
[EventType "swiss"]
[EventRounds "9"]
[EventCountry "ESP"]
[SourceTitle "EXT 2009"]
[Source "ChessBase"]
[SourceDate "2008.11.26"]
[SourceVersion "1"]
[SourceVersionDate "2008.11.26"]
[SourceQuality "1"]

1. e4 c5 2. Nc3 d6 3. g3 Nc6 4. Bg2 g6 5. d3 Bg7 6. Nh3 e6 7. 0-0 Nge7 8. f4 0-0 9. g4 f5 10. exf5 gxf5 11. g5 Rb8 12. Qh5 Qe8 13. Qh4 b5 14. a4 a6 15. Ne2 Nb4 16. c3 Nxd3 17. Rd1 c4 18. Nf2 Nxc1 19. Raxc1 bxa4 20. Rc2 Rb6 21. Qg3 Bd7 22. h4 a3 23. bxa3 Ba4 24. Rdd2 Bxc2 25. Rxc2 e5 26. Qe3 Rb1+ 27. Kh2 e4 28. Nd4 Nd5 29. Qe2 Nxf4 30. Qxc4+ d5 31. Qxa6 Bxd4 0-1

[Event "Benidorm op U2300 06th"]
[Site "Benidorm"]
[Date "2007.12.08"]
[Round "9"]
[White "Diez Machin, Vicente"]
[Black "Sahelices Casado, Roberto"]
[Result "1-0"]
[WhiteElo "2022"]
[BlackElo "2117"]
[PlyCount "35"]
[EventDate "2007.11.30"]
[EventType "swiss"]
[EventRounds "9"]
[EventCountry "ESP"]
[SourceTitle "CBM 121 Extra"]
[Source "ChessBase"]
[SourceDate "2008.01.10"]
[SourceVersion "1"]
[SourceVersionDate "2008.01.10"]
[SourceQuality "1"]

1. e4 c5 2. Nf3 d6 3. d4 cxd4 4. Nxd4 Nf6 5. Nc3 Nc6 6. f3 e5 7. Nb3 Be7 8. Be3 0-0 9. Qd2 a5 10. Na4 Be6 11. Bb6 Qc8 12. c4 Nb4 13. Bxa5 Nxa2 14. Nb6 Qc6 15. Rxa2 Ra6 16. Nd5 Re8 17. Ra3 b6 18. Bb4 1-0